Normal view
MARC view
Entry Personal Name
001 - CONTROL NUMBER
- control field: 12238
003 - CONTROL NUMBER IDENTIFIER
- control field: BD-RjUL
005 - DATE AND TIME OF LATEST TRANSACTION
- control field: 20240312114621.0
008 - FIXED-LENGTH DATA ELEMENTS
- fixed length control field: 240312|| aca||aabn | a|a d
040 ## - CATALOGING SOURCE
- Original cataloging agency: BD-RjUL
- Transcribing agency: BD-RjUL
100 ## - HEADING--PERSONAL NAME
- Personal name: Rahman, A H M Mustafizur
670 ## - SOURCE DATA FOUND
- Source citation: Work cat.: (BD-RjUL)83319: Rahman, A H M Mustafizur, Rural Poverty in Bangladesh :, 2004